| 000 | 00607nam a22001937a 4500 | ||
|---|---|---|---|
| 003 | NUST | ||
| 005 | 20230912114252.0 | ||
| 008 | 190808b ||||| |||| 00| 0 eng d | ||
| 038 | _aMr. Noman | ||
| 082 | _a658 | ||
| 100 |
_aRafiq, Muhammad Waqas _919186 |
||
| 245 |
_aImpact of Investment in Information Technology On Firm's Financial Performance: _bA Perspective Of Pakistan's Market _cMuhammad Waqas Rafiq. |
||
| 260 |
_aIslamabad: _bNBS - NUST, _c2015. |
||
| 300 |
_a48 p.: ill.; _c30cm. |
||
| 500 | _aHardcover. | ||
| 650 |
_aMBA Thesis. _917629 |
||
| 700 |
_aFaqir Taj. _919187 |
||
| 942 |
_2ddc _cTHE |
||
| 999 |
_c527765 _d527765 |
||